000 00873nam a2200241Ia 4500
003 OSt
005 20220923222648.0
006 a|||||r|||| 00| 0
007 ta
008 220922b |||||||| |||| 00| 0 hin d
024 _a206,902
037 _cTextual
040 _aARTS
_cARTS
_bhin
041 _2hin
_ahin
082 _aO152,6N11x, M1
100 _aअज्ञेय, सच्चिदानंद हीरानंद वात्स्यायन
_9167168
245 0 _aयुग संधियो पर
246 _aYug sandhiyo para
260 _aनइ्र दिल्ली
_b सरस्वती विहार
_c1981
300 _a104पृ.
_ccm.
942 _hO152,6N11x, M1
_cTEXL
_2CC
999 _c357522
_d357522